00975nam a22001337a 4500008004100000020001500041050001300056100002100069245008500090260004700175300003100222505053800253650005000791120706t xxu||||| |||| 00| 0 eng d a0471631000 aHD82.N44 aNeher, Philip A. aEconomic growth and development: a mathematical introduction. /cPhilip A. Neher aNew York:bJohn Wiley and Sons Inc,c1197. axiv, 322 p.:bill.;c24cm. aContents: Economic growth, economic development and economic models -- Proportional growth -- An Introduction to growth in an advanced economy -- An Introduction to growth in a primitive economy -- The Constant returns to scale production fuction -- Technological change -- Growth with technological change -- Balanced and unbalanced growth -- An Introduction to the theory of optimal economic growth -- Growth in an open economy -- A Simple two-sector model of growth in an advanced economy -- Underdevelopment and economic dualism. aEconomic development x Mathematical models.